Philip's atlas of the world

Bibliographic Details
Format: Book
Published: London : Reed International Books Lt. , 1994
Edition:Paperbackn ed.
Subjects:

MARC

LEADER 00000cam a2200000 7i4500
001 0000003624
005 20060427.0
020 |a 0540058289 
040 |a INS 
090 0 0 |a G1021   |b PHI 1994 
245 1 0 |a Philip's atlas of the world 
250 |a Paperbackn ed. 
260 |a London :   |b Reed International Books Lt. ,   |c 1994 
300 |a 176p. ;   |c 31cm. 
650 0 0 |a Atlases 
650 0 0 |a World maps 
999 |a 0000005567   |b BOOK   |c Open Shelf   |e Default branch